000
00290nam a2200133Ia 4500
100
_a
Banks/D.D & banks D.S
942
_c
RB
654
_a
hydraulic
245
_a
Industrial hydraulic systems
260
_b
prentice hall
_a
London
_c
1988
300
_a
172
546
_a
ENGLISH
999
_c
27460
_d
27460